000 00292nam a22001217a 4500
008 170621b xxu||||| |||| 00| 0 eng d
041 _aeng
080 _24 ED
_a94(7/8)
100 _a18
101 _aSHH
245 _aT6AKING SIDES UNITED STATES HISTORY
_cMADARAS.L
942 _2udc
_cBK
999 _c18393
_d18393